Southville International School and Colleges
Your cart is empty.
  • Cart
  • Lists
    Public lists Eva Luna New books Lux_list list_1
    Your lists Log in to create your own lists
  • Log in to your account
  • Your cookies
  • Search history
Southville International School and Colleges
  • Advanced search
  • Recent comments
  • Most popular
  • Libraries

Log in to your account

Log in with GOOGLE


If you do not have an external account, but do have a local account, you can still log in:

  1. Home
  2. MARC view: Microsoft Office Word 2003 step by step /
Normal view MARC view ISBD view

Microsoft Office Word 2003 step by step / (Record no. 284791)

[ view plain ]
MARC details
000 -LEADER
fixed length control field 01694cam a22003614a 4500
001 - CONTROL NUMBER
control field 13182300
003 - CONTROL NUMBER IDENTIFIER
control field PILC
005 - DATE AND TIME OF LATEST TRANSACTION
control field 20150817150008.0
008 - FIXED-LENGTH DATA ELEMENTS--GENERAL INFORMATION
fixed length control field 030501s2003 waua 001 0 eng
010 ## - LIBRARY OF CONGRESS CONTROL NUMBER
LC control number 2003052664
020 ## - INTERNATIONAL STANDARD BOOK NUMBER
International Standard Book Number 0735615233
020 ## - INTERNATIONAL STANDARD BOOK NUMBER
International Standard Book Number 9789832726258
020 ## - INTERNATIONAL STANDARD BOOK NUMBER
International Standard Book Number 9780735615236
040 ## - CATALOGING SOURCE
Original cataloging agency DLC
Transcribing agency DLC
Modifying agency DLC
042 ## - AUTHENTICATION CODE
Authentication code pcc
050 00 - LIBRARY OF CONGRESS CALL NUMBER
Classification number Z 52.5.M52
Item number .M47 2003
082 00 - DEWEY DECIMAL CLASSIFICATION NUMBER
Classification number 652.5/5369
245 00 - TITLE STATEMENT
Title Microsoft Office Word 2003 step by step /
Statement of responsibility, etc Online Training Solutions, Inc.
250 ## - EDITION STATEMENT
Edition statement Asian ed.
260 ## - PUBLICATION, DISTRIBUTION, ETC. (IMPRINT)
Place of publication, distribution, etc Redmond, Wash. :
Name of publisher, distributor, etc Microsoft Press,
Date of publication, distribution, etc 2003.
300 ## - PHYSICAL DESCRIPTION
Extent lix, 322 pages :
Other physical details illustrations ;
Dimensions 23 cm.
500 ## - GENERAL NOTE
General note Includes glossary and index.
538 ## - SYSTEM DETAILS NOTE
System details note Systems requirements for accompanying computer disk: Computer/Processor: Computer with a Pentium 133-megahertz (MHz) or higher processor; Pentium III recommended; Memory: 64 MB of RAM (128 MB recommended) plus and additional 8 MB of RAM for each program in The Microsoft Office System (such as Word) running simultaneously.
630 00 - SUBJECT ADDED ENTRY--UNIFORM TITLE
Uniform title Microsoft Word.
650 #0 - SUBJECT ADDED ENTRY--TOPICAL TERM
Topical term or geographic name as entry element Word processing.
710 2# - ADDED ENTRY--CORPORATE NAME
Corporate name or jurisdiction name as entry element Online Training Solutions (Firm)
856 42 - ELECTRONIC LOCATION AND ACCESS
Materials specified Publisher description
Uniform Resource Identifier <a href="http://www.loc.gov/catdir/enhancements/fy1004/2003052664-d.html">http://www.loc.gov/catdir/enhancements/fy1004/2003052664-d.html</a>
856 41 - ELECTRONIC LOCATION AND ACCESS
Materials specified Table of contents only
Uniform Resource Identifier <a href="http://www.loc.gov/catdir/enhancements/fy1009/2003052664-t.html">http://www.loc.gov/catdir/enhancements/fy1009/2003052664-t.html</a>
856 42 - ELECTRONIC LOCATION AND ACCESS
Materials specified Contributor biographical information
Uniform Resource Identifier <a href="http://www.loc.gov/catdir/enhancements/fy1207/2003052664-b.html">http://www.loc.gov/catdir/enhancements/fy1207/2003052664-b.html</a>
906 ## - LOCAL DATA ELEMENT F, LDF (RLIN)
a 7
b cbc
c orignew
d 1
e ocip
f 20
g y-gencatlg
942 ## - ADDED ENTRY ELEMENTS (KOHA)
Source of classification or shelving scheme Library of Congress Classification
Koha item type Books
Holdings
Withdrawn status Lost status Source of classification or shelving scheme Damaged status Home library Current library Shelving location Date acquired Source of acquisition Total Checkouts Full call number Barcode Date last seen Price effective from Koha item type Public note
Withdrawn   Library of Congress Classification   Southville International School Affiliated with Foreign Universities Library Southville International School Affiliated with Foreign Universities Library   06/08/2015 Donation   Z 52.5.M52 .M47 2003 SFU1989 05/15/2018 06/08/2015 Books Books donated
Withdrawn   Library of Congress Classification   Southville International School Affiliated with Foreign Universities Library Southville International School Affiliated with Foreign Universities Library   08/17/2015 Donation   Z 52.5.M52 .M47 2003 SFU2522 05/15/2018 08/17/2015 Books Books donated

Microsoft Office Word 2003 step by step /

APA

Online Training Solutions (Firm), . (2003). Microsoft Office Word 2003 step by step. Redmond, Wash: Microsoft Press.

Chicago

Online Training Solutions (Firm), . 2003. Microsoft Office Word 2003 step by step. Redmond, Wash: Microsoft Press.

Harvard

Online Training Solutions (Firm), . (2003). Microsoft Office Word 2003 step by step. Redmond, Wash: Microsoft Press.

MLA

Online Training Solutions (Firm), . Microsoft Office Word 2003 step by step. Redmond, Wash: Microsoft Press. 2003.

  • Print
  • Cite
  • Add to your cart (remove)
  • Save record
    BIBTEX Dublin Core MARCXML MARC (non-Unicode/MARC-8) MARC (Unicode/UTF-8) MARC (Unicode/UTF-8, Standard) MODS (XML) RIS
  • More searches
    Search for this title in:
    Other Libraries (WorldCat) Other Databases (Google Scholar) Online Stores (Bookfinder.com) Open Library (openlibrary.org)

Exporting to Dublin Core...

SOUTHVILLE LIBRARY

Southville International School and Colleges Library

1281 Tropical Ave. Cor. Luxembourg St., BF Homes International, Las Pinas City

Tel. No. 8256374 / 252358 Loc. 117/146

Powered by Koha